Essentials of general surgery and surgical specialties (Record no. 29782)

MARC details
000 -LEADER
fixed length control field 00543nam a2200193Ia 4500
020 ## - INTERNATIONAL STANDARD BOOK NUMBER
ISBN 9781975106652
050 ## - CALL MARK
Classification number RD 31 .P48/
100 ## - STATEMENT OF RESPONSIBILITY--MAIN AUTHOR NAME
Personal name Edited by Peter F. Lawrence, Jessica Beth O’Connel, Matthew, R. Smeds
245 #0 - TITLE STATEMENT
Title Essentials of general surgery and surgical specialties
250 ## - EDITION / VOLUME STATEMENT
Edition / Volume statement 6th ed.
260 ## - PUBLICATION, DISTRIBUTION, ETC. (IMPRINT)
Place of publication New York
260 ## - PUBLICATION, DISTRIBUTION, ETC. (IMPRINT)
Name of publisher Wolters Kluwer
260 ## - PUBLICATION, DISTRIBUTION, ETC. (IMPRINT)
Year of publication 2019
300 ## - PHYSICAL DESCRIPTION
Number of Pages 747 p
650 ## - SUBJECT ADDED ENTRY--TOPICAL TERM
Topical Term Surgical Procedures, Operative
942 ## - ADDED ENTRY ELEMENTS (KOHA)
Koha item type Books
Holdings
Withdrawn status Lost status Source of classification or shelving scheme Damaged status Not for loan Permanent Location Current Location Shelving location Date acquired Accession Number Price effective from Koha item type
    Library of Congress Classification     NILE UNIVERSITY OF NIGERIA - MAIN LIBRARY NILE UNIVERSITY OF NIGERIA - MAIN LIBRARY Items on shelf 04/23/2025 0193966 04/23/2025 Books